000 01051nam a2200301 i 4500
003 EG-GICUC
005 20260301141101.0
008 260301s1999 be ||||fr|||| 00| 0 fre d
040 _aEG-GiCUC
_bfre
_cEG-GiCUC
_dEG-GiCUC
_eRda
082 0 4 _221
_a341.48
_bVI . P
092 0 4 _221
099 _aLaw1 11 341.48 VI . P 1999
100 1 _aVité, Sylvain
_eAuteur
245 1 4 _aLes Procédures Internationales D'établissement Des Faits Dans La Mise en Œuvre Du Droit International Humanitaire /
_b
_cSylvain Vité ; Luigi Condorelli.
_n
264 3 _aBruxelles :
_bEditions Bruylant,
_c1999.
300 _a485page :
_billustration ;
_c 24 cm.
336 _2rda contenu
_a texte
337 _2rda medias
_aOrdinateur
338 _2 transporteur rda
_a Ressource en ligne
504 _a
546 _aTexte en français
650 1 4 _aDroit international public
_2
651 1 _2
700 1 _aCondorelli, Luigi
_ePréfacier
856 4 0 _uhttps://fll.law.cu.edu.eg/fulltext/bks/B11-09204.pdf
905 _a50
942 _2ddc
_cBK
_e21
_n0
999 _c64499
_d64499